00591nam a2200205Ia 450000500170000000800410001702000150005808200210007324500450009426000300013930000160016965000200018565000100020565000120021570000180022770000220024594200060026795200970027399900150037020250123034249.0240331s9999 xx 000 0 und d a0415925665 bPRI24418a305.4 0aFeminist Theory and the Body: bA Reader aNew YorkbRoutledgec1999 aix, 487 p., aFeminist Theory aWomen aScience aPrice, Jeedt aShildrick, Meedt cL 001040708LaWERCLbWERCLcSSCd2024-03-31l0o 305.4 FEMp4418r2024-03-31w2024-03-31yL c1648d1648